Tous les vainqueurs du Ballon d'Or africain depuis 1992 - Statistiques

Statistiques générales
  • Ce quiz a été pris 168 fois
  • Le résultat moyen est 23 sur 32
Statistiques - réponses
Année Nationalité Club Joueurs % Correct
2022 Sénégal Liverpool Sadio Mané
100%
2019 Sénégal Liverpool Sadio Mané
100%
2025 Maroc Paris Saint-Germain Achraf Hakimi
99%
2018 Égypte Liverpool Mohamed Salah
99%
2017 Égypte Liverpool Mohamed Salah
99%
2009 Côte d'Ivoire Chelsea Didier Drogba
96%
2006 Côte d'Ivoire Chelsea Didier Drogba
96%
2016 Algérie Leicester City Riyad Mahrez
96%
2010 Cameroun Inter Milan Samuel Eto'o
96%
2005 Cameroun FC Barcelone Samuel Eto'o
96%
2004 Cameroun FC Barcelone Samuel Eto'o
96%
2003 Cameroun Real Majorque Samuel Eto'o
96%
2015 Gabon Borussia Dortmund Pierre-Emerick Aubameyang
95%
2024 Nigeria Atalanta Bergame Ademola Lookman
94%
2023 Nigeria SSC Napoli Victor Osimhen
92%
2014 Côte d'Ivoire Manchester City Yaya Touré
92%
2013 Côte d'Ivoire Manchester City Yaya Touré
92%
2012 Côte d'Ivoire Manchester City Yaya Touré
92%
2011 Côte d'Ivoire Manchester City Yaya Touré
92%
1995 Liberia AC Milan George Weah
76%
2008 Togo Arsenal Emmanuel Adebayor
72%
1992 Ghana Olympique de Marseille Abedi Pelé
64%
2002 Sénégal Liverpool El-Hadji Diouf
45%
2001 Sénégal RC Lens El-Hadji Diouf
45%
1999 Nigeria Arsenal Nwankwo Kanu
38%
1996 Nigeria Inter Milan Nwankwo Kanu
38%
2007 Mali FC Séville Frédéric Kanouté
29%
1997 Nigeria AS Monaco Victor Ikpeba
16%
1998 Maroc Real Club Deportivo Mustapha Hadji
15%
2000 Cameroun Parme Patrick Mboma
9%
1993 Nigeria Vitória Setúbal Rashidi Yekini
4%
1994 Nigeria Sporting Portugal Emmanuel Amunike
3%
Aucun quiz correspondant
Distribution des résultats
% des personnes avec chaque résultat
Percentile par nombre de réponses
Votre historique - résultats
Vous n’avez pas pris ce quiz